000 01420cam a22003857a 4500
003 CHAP
005 20220817043439.0
008 980518d1994 mx a r 00010 spa d
010 _a75545
011 _a76517
020 _a929039238 X
035 _a86102
040 _cCHAP
082 0 4 _a630.717
_bI52
111 0 0 _aInternational Symposium Public and Private Sector Roles in the Provision of Agricultural Support Service
_d(1993 :
_cSan José, Costa Rica)
_960066
245 1 0 _aProceedings
_c/por Inter-American Institute for Coooperation on Agriculture
260 _aSan José, Costa Rica :
_bInstituto Interamericano de Cooperación para la Agricultura,
_c1994.
300 _a209 p. :
_bilus.
590 _aBATCH-UPD
_b10
_c20130110
_lUCH01
_h0600
590 _aBATCH-UPD
_b10
_c20130110
_lUCH01
_h2311
590 _aBATCH-UPD
_b10
_c20130410
_lUCH01
_h0241
590 _aBATCH-UPD
_b10
_c20130913
_lUCH01
_h2100
590 _aBATCH-UPD
_b10
_c20140805
_lUCH01
_h1147
590 _aCONVERSION
_b10
_c20130109
_lUCH01
_h1341
650 1 4 _aAgricultura y Estado.
_92035
650 1 4 _aAgricultura
_xFinanzas.
_91486
650 1 4 _aAgricultura
_xInvestigación.
_91577
650 1 4 _aExtensión agrícola.
_939144
650 1 4 _aExtensión ganadera.
_939201
650 1 4 _aSemillas.
901 _aBK
905 _aLilia Sánchez G.
942 _cLIBRO
949 _a630.717 I52
_bBC
_cLIBRO
_d33724000595328
_eLIBRO
_h93176
_i86102
_si
999 _c75545
_d75545